header

Cultural cleansing in Iraq (Record no. 219717)

MARC details
000 -LEADER
fixed length control field 01723nam a2200373 a 4500
245 00 - TITLE STATEMENT
Title Cultural cleansing in Iraq
260 ## - PUBLICATION, DISTRIBUTION, ETC. (IMPRINT)
Place of publication London :
Name of publisher Pluto Press,
Year of publication 2010.
300 ## - PHYSICAL DESCRIPTION
Number of Pages xii, 298 p. :
Other physical details ill.
505 0# - FORMATTED CONTENTS NOTE
Formatted contents note pt. 1. Formulating and executing the policy of cultural cleansing -- pt. 2. Policy in motion : the assault on Iraq's incomparable history -- pt. 3. Policy in motion : the present and the future.
650 #0 - SUBJECT ADDED ENTRY--TOPICAL TERM
Topical Term Iraq War, 2003-2011
Topical Term Cultural property
Topical Term Intellectuals
700 1# - ADDED ENTRY--PERSONAL NAME
Personal name Baker, Raymond W.
Personal name Ismael, Shereen T.
Personal name Ismael, Tareq Y.
856 40 - ELECTRONIC LOCATION AND ACCESS
Uniform Resource Identifier http://site.ebrary.com/lib/rucke/Doc?id=10479791

No items available.

© 2026 Rongo University
Contact us: librarian | system librarian | Rongo university